| 000 | 00879nam a22002537a 4500 | ||
|---|---|---|---|
| 005 | 20170123162323.0 | ||
| 010 | _aB-080720 | ||
| 020 |
_c80.00 _a8187667826 |
||
| 035 | _aB-080720 | ||
| 037 | _bCen Lib/Ret | ||
| 040 |
_aDPL _bUR |
||
| 082 |
_aک _bش ر م |
||
| 100 |
_aشرما، کدارناتھ _9108279 |
||
| 245 |
_aافسانے پیارے پیارے / _c کدارناتھ شرما |
||
| 246 |
_aAfsane pyare pyare / _bby Kedar Nath Sharma |
||
| 260 |
_aدہلی _bایجوکیشنل پبلشنگ ہاؤس _c2003 |
||
| 270 |
_bدہلی _a٣١٠٨، وکیل سٹریٹ کوچہ پنڈت لال کوان _e110006 |
||
| 300 |
_a96p. _c21cm(Hb) |
||
| 650 |
_a ادب -- اردو _9118224 |
||
| 650 |
_aاردو کہانیاں _x _9118225 |
||
| 650 |
_v _aLiterature -- Urdu _9118226 |
||
| 650 |
_aUrdu stories _9118227 |
||
| 942 |
_2ddc _cUR _hک _mش ر م |
||
| 999 |
_c107256 _d107256 |
||